[Event "CZE-chT2B 2223"]
[Site "Czech Republic"]
[Date "2022.10.16"]
[Round "1.8"]
[White "Muhlfeit, Radek"]
[Black "Florian, Jiri"]
[Result "1-0"]
[WhiteElo "1716"]
[BlackElo "1474"]
[PlyCount "77"]
[EventDate "2022.10.16"]
[EventType "team-tourn"]
[EventRounds "11"]
[EventCountry "CZE"]
[SourceTitle "EXT 2024"]
[Source "ChessBase"]
[SourceDate "2023.10.10"]
[SourceVersion "1"]
[SourceVersionDate "2023.10.10"]
[SourceQuality "1"]
[WhiteTeam "Litomerice II"]
[BlackTeam "Litomerice III"]
[WhiteTeamCountry "CZE"]
[BlackTeamCountry "CZE"]

1. d4 d5 2. c4 e6 3. Nc3 Bd7 4. e3 Nf6 5. Nf3 Nc6 6. a3 a6 7. b4 Be7 8. Bb2 0-0 9. Rc1 Kh8 10. Nd2 Be8 11. Bd3 Qd7 12. 0-0 g6 13. Na4 b6 14. Qe2 dxc4 15. Nxc4 b5 16. Ne5 Nxe5 17. dxe5 Nd5 18. Nc5 Bxc5 19. Rxc5 Kg8 20. Rd1 Rd8 21. Bc2 Qe7 22. Bb3 c6 23. Bd4 Qc7 24. Rcc1 Bd7 25. f4 a5 26. Bc5 Rfe8 27. Rf1 a4 28. Ba2 Ne7 29. e4 Kg7 30. h4 Ng8 31. h5 f5 32. exf5 exf5 33. hxg6 hxg6 34. Rc3 Ne7 35. Rg3 Kh6 36. Kf2 Nd5 37. Rh1+ Kg7 38. Qh5 Nxf4 39. Qh6# 1-0